Statistiques concernant Culture Générale - Série 2264

Cliquez ici pour prendre le quiz!

Statistiques générales

  • Ce quiz a été pris 97 fois
  • Le résultat moyen est 3 sur 10

Statistiques - réponses

QuestionRéponse% Correct
De quel pays Tapei est-elle la capitale ?Taïwan
84%
Quelle femme afro-américaine, figure emblématique de la lutte contre la ségrégation raciale aux États-Unis, était surnommée « mère du mouvement des droits civiques » ? prénom et nomRosa Parks
56%
Dans quelle ville des Etats Unis le pasteur Martin Luther King a-t-il été assassiné le 4 avril 1968 ?Memphis
36%
Quel nom donne-t-on au tournesol ?soleil
35%
Quel acteur incarne "Zorro" dans le film réalisé par Duccio Tessari en 1975 ? prénom et nomAlain Delon
34%
Brosse cylindrique pour nettoyer un objet creux - 10 lettres commençant par " e "écouvillon
31%
Qui a peint "Nu couché" en 1917 ? voir tableauAmedeo Modigliani
18%
Quel adjectif désigne un prénom ayant la même forme au féminin comme au masculin - exemple :"Dominique" ?épicène
16%
Dans quel pays se trouve le Parc national de Muránska planina ?Slovaquie
9%
Drain sortant à chacune de ses extrémités par un orifice cutané.séton
5%

Distribution des résultats

Percentile par nombre de réponses

% des personnes avec chaque résultat

Votre développement - résultats

Vous n’avez pas pris ce quiz